Conservación de suelos /

Guardado en:
Autor Principal: Suárez de Castro, Fernando.
Autor Corporativo: Instituto Interamericano de Cooperación para la Agricultura.
Formato: Libro
Idioma:Spanish
Publicado: San José, Costa Rica : IICA, 1980.
Series:Serie de libros y materiales educativos ; nº 37
Acceso en línea:Acceso a texto completo
Etiquetas: Agregar Etiqueta
Sin Etiquetas, Sea el primero en etiquetar este registro!
LEADER 00740nam a22001815a 4500
001 EEA.libagro007645
008 130809s1980####cr#a##########000#0#spa#d
005 20200405134542.0
245 1 0 |a Conservación de suelos /  |c Fernando Suárez de Castro. 
260 |a San José, Costa Rica :  |b IICA,  |c 1980. 
300 |a 315 p. :  |b il. ;  |c 23 cm. 
490 1 |a Serie de libros y materiales educativos ;  |v nº 37 
530 |a Disponible también en línea. 
100 1 |a Suárez de Castro, Fernando. 
710 2 |a Instituto Interamericano de Cooperación para la Agricultura. 
082 0 4 |a 631.45 
856 |3 Acceso a texto completo  |u http://repositorio.iica.int/bitstream/11324/8221/1/BVE19040301e.pdf 
859 |a AR-BbBCA  |b BIB. AGRONOMIA  |h 631.45  |i S939a3  |p 2006/5034